| Tag |
First Indicator |
Second Indicator |
Subfields |
| LEADER |
00000cam a2200000 a 4500 |
| 001 |
in00001404872 |
| 005 |
20151020064034.0 |
| 008 |
960805s1996 nyu c 000 1 eng |
| 010 |
|
|
|a 96034185
|
| 020 |
|
|
|a 0060251247
|
| 020 |
|
|
|a 0060251301 (lib. bdg.)
|
| 035 |
|
|
|a (OCoLC)35235249
|
| 035 |
|
|
|9 AHP4377AM
|
| 040 |
|
|
|a DLC
|c DLC
|d TXA
|d UtOrBLW
|
| 049 |
|
|
|a TXAM
|
| 050 |
0 |
0 |
|a PZ7.L5138
|b Ne 1996
|
| 082 |
0 |
0 |
|a [Fic]
|2 20
|
| 100 |
1 |
|
|a Lee, Marie G.
|
| 245 |
1 |
0 |
|a Necessary roughness /
|c Marie G. Lee.
|
| 250 |
|
|
|a 1st ed.
|
| 264 |
|
1 |
|a New York :
|b HarperCollins,
|c [1996]
|
| 264 |
|
4 |
|c ©1996
|
| 300 |
|
|
|a 228 pages ;
|c 22 cm.
|
| 336 |
|
|
|a text
|b txt
|2 rdacontent
|
| 337 |
|
|
|a unmediated
|b n
|2 rdamedia
|
| 338 |
|
|
|a volume
|b nc
|2 rdacarrier
|
| 520 |
|
|
|a Sixteen-year-old Korean American Chan moves from Los Angeles to a small town in Minnesota, where he must cope not only with racism on the football team but also with the tensions in his relationship with his strict father.
|
| 650 |
|
0 |
|a Korean Americans
|v Juvenile fiction.
|
| 650 |
|
1 |
|a Korean Americans
|x Fiction.
|
| 650 |
|
1 |
|a Prejudices
|x Fiction.
|
| 650 |
|
1 |
|a Football
|x Fiction.
|
| 650 |
|
1 |
|a Fathers and sons
|x Fiction.
|
| 651 |
|
1 |
|a Minnesota
|x Fiction.
|
| 999 |
|
|
|a MARS
|
| 999 |
f |
f |
|s 5f1338c2-b7b1-3d69-b10c-5d1cabadf3f2
|i d8b78c78-b8ad-3d7e-9a3a-7a8e93484def
|t 0
|
| 952 |
f |
f |
|p ric
|a Texas A&M University
|b Rellis Campus
|c Joint Library Facility
|d Remote Storage
|t 0
|e PZ7.L5138 Ne 1996
|h Library of Congress classification
|i unmediated -- volume
|m A14823471138
|
| 998 |
f |
f |
|a PZ7.L5138 Ne 1996
|t 0
|l Remote Storage
|